|
|
|
|
| LEADER |
00000nam a22000007a 4500 |
| 005 |
2019091805495.0 |
| 007 |
cr|||| |||| |
| 008 |
190918s2019 us |||||s|||| 00||0 eng d |
| 020 |
|
|
|a 9783659953118
|
| 035 |
|
|
|a 28972
|
| 040 |
|
|
|a vLex
|
| 090 |
|
|
|c 9567
|d 9567
|
| 100 |
1 |
|
|a Solteo, Vicente
|
| 245 |
1 |
0 |
|a Law on Obligations and Contracts
|h [Recurso electrn̤ico] /
|c Vicente Solteo
|
| 256 |
|
|
|a Servicio en ln̕ea
|
| 260 |
|
|
|a Washington D. C.:
|b Lambert Academic Publishing,
|c 2019
|
| 300 |
|
|
|a 1 recurso electrn̤ico
|
| 500 |
|
|
|a This book is intended for students in Bachelor of Science in Business Administration taking up the subject in Law on Obligations and Contracts. The book was simplified to be able for the students to grasp and understand easily the concept and principle of the subject and apply the same for their future endeavors. The subject is very important for the business students as it discusses the basic principle of obligations and contracts.
|
| 506 |
1 |
|
|a Disponible solo en los productos indicados
|d vLex Global
|d vLex Global (Academic Edition, excluding Law Schools)
|d vLex Global (U.S. Academic Edition, Law Schools)
|d vLex Global (U.S. Academic Edition, excluding Law Schools)
|d vLex Global (Academic Edition, Law Schools)
|
| 650 |
0 |
4 |
|a Derecho Pb︢lico y Administrativo
|z Estados Unidos
|
| 740 |
0 |
|
|a vLex Libros (Servicio en ln̕ea)
|
| 856 |
4 |
0 |
|u http://vlex.com/source/28972
|z Acceso restringido
|
| 942 |
|
|
|c BOOK
|
| 999 |
0 |
|
|a Public and Administrative Law
|